000 01163nam a2200241 a 4500
001 000030908
005 20240313073817.0
008 081209s2001 dr 001 0 spa d
020 _a999342921X
040 _aDO-SdBNP
_bspa
_cBNPHU
082 _a070.4
_bC697c, 2001
100 1 _aCollado, Lipe,
_d1947-
_979819
245 1 0 _aCurso de periodismo /
_cLipe Collado.
250 _a5ª ed.
260 _aSanto Domingo :
_bCollado,
_c2001.
300 _a212 p. :
_bil. ;
_c22 cm.
504 _aBibliografía: p. 211-212
505 0 _gIntroducción --
_tAntes de comenzar --
_tLa noticia --
_tTécnica de redacción --
_tCaracterísticas de la noticia --
_tLas fuentes noticiosas --
_tLa técnica de la entrevista --
_tPárrafos cortos --
_tLa noticia en suspenso --
_tPeriodismo de profundidad --
_tNoticia social --
_tNoticia deportiva --
_tFotoperiodismo --
_tCorrector de estilo --
_tRecomendaciones de estilo --
_tEl artículo --
_tLa noticia curiosa y jocosa --
_tPunto final: recomendaciones al cierre.
590 _aInventariado,2018/DG
650 4 _aPeriodismo
_vENSEÑANZA
_926
650 4 _aPeriodismo
_xArte de escribir
_927
910 _aValidado. Control de calidad EMS
999 _c30400
_d30400